000 00671nam a2200205 a 4500
001 000027929
003 AM-YEHGA
005 20250618070915.0
008 980713s1961 ai |||||||||||||||||arm|d
040 _aAM-YeHGA
041 0 _aarm
100 1 _aԲաբկենց, Գաբրիել,
_d1860-1917
_92859
245 1 0 _aՆորեկ :
_bՎեպ /
_cԲաբկենց (Գաբրիել Մնացականյան) ; Կազմ.՝ Լ. Ազարյան.
260 _aԵրևան :
_bՀայպետհրատ,
_c1961.
300 _a386 էջ ;
_c17 սմ.
650 1 4 _aՀայ գրականություն
_xՎեպ
700 1 _aԱզարյան, Լ.
_eկազմ.
_4com
942 _2udc
_cBK
090 _c12262
999 _c12166
_d12166